000
00225nam a22000857a 4500
008
161202b xxu||||| |||| 00| 0 eng d
100
_9
1718
_a
Munjal.M
245
_a
The Rainbow Slide
260
_a
New Delhi
_b
Childrens Book Trust
_c
2014
999
_c
4431
_d
4431